000 00438nam a2200181Ia 4500
001 13199
005 20260306163036.0
008 260306t2014||||xx |||||||||||||| ||spa||
041 _aESP
082 _a001.42
_bB45F
100 _aBernal Torres, César Augusto
_eAUT
245 0 _aFundamentos de investigación
260 _c2014
300 _a163 páginas :
_c27 cm.
650 _aGEN
654 _aCHU
942 _cLIB
_dJUS
_fJUS
_2ddc
_n
999 _c13199
_d13199